Ako som prežil trest smrti Sloboda na návšteve u spisovateľa Karola Tomaščíka

Bibliographic Details
Main Authors: Olach, Ľubomír, 1948- (Author), Tomaščík, Karol, 1919-1999 (Author)
Format: Article
Language:Slovak
Subjects:

MARC

LEADER 00000nab a2200000 a 4500
001 vtls000264358
003 SK-MaSNL
005 20260302214013.0
008 160215c1986 xo 0 slo
015 |a SNBRB19rr/mm-uuuuu 
035 |a CL0274472 
040 |a SNKBUCL  |b slo  |c SNKBUCL  |e AACR2 
041 0 |a slo 
044 |a xo  |c SK 
080 |a 82:929:885.4  |2 1981 
080 |a 929  |2 1981 
080 |a 885.4  |2 1981 
100 1 |a Olach, Ľubomír,  |d 1948-  |4 aut  |9 151128 
245 1 0 |a Ako som prežil trest smrti  |b Sloboda na návšteve u spisovateľa Karola Tomaščíka  |c Ľubomír Olach, Karol Tomaščík 
600 1 7 |a Tomaščík, Karol,  |d 1919-1999  |2 snkbucl  |9 210985 
655 7 |a články z novín a časopisov  |2 snkbucl  |9 267496 
655 7 |a články z odboru literárna veda a krásna literatúra  |2 snkbucl  |9 770045 
700 1 |a Tomaščík, Karol,  |d 1919-1999  |4 aut  |9 210985 
773 0 |t Sloboda  |g Roč. 41, č. 44 (1986), s. 9 
850 |a Slovenská národná knižnica v Martine  |a MTA001 
852 |a SNK  |b KIS3GCP 
958 |a BX 
958 |a RK 
958 |a LX 
992 |a RBX 
999 |c 1495921  |d 1497851